Kluby piłkarskie Andaluzji - nagła śmierć - Statystyki

Ogólne statystyki
  • Ten quiz został rozwiązany 22 razy
  • Średni wynik to 5 z 12
Answers on the Grid
Answers color-coded by a green-red scale on the quiz's grid according to % correct below.
Real Betis Balompié
CD Alcoyano
Cádiz CF
FC Cartagena
Deportivo de La Coruña
Algeciras CF
Recreativo Huelva
Albacete Balompié
Marbella FC
Antequera CF
Sevilla FC
CD Eldense
Atlético Sanluqueño CF
Málaga CF
Ourense CF
UD Almería
Córdoba CF
Elche CF
Villarreal CF
Granada CF
 
Statystyki odpowiedzi
Odpowiedź % Poprawnych
Málaga CF
86%
Cádiz CF
71%
Granada CF
71%
Marbella FC
57%
Sevilla FC
57%
UD Almería
57%
Real Betis Balompié
43%
Algeciras CF
14%
Córdoba CF
14%
Recreativo Huelva
14%
Antequera CF
0%
Atlético Sanluqueño CF
0%
Nie znaleziono quizów pasujących do podanych kryteriów
Rozkład punktacji
Procent ludzi z każdym wynikiem
Percentyl według liczby udzielonych odpowiedzi
Twoja historia wyników
Nie rozwiązałeś tego quizu